[Event "Saint Affrique op 22nd"]
[Site "Saint Affrique"]
[Date "2014.07.26"]
[Round "9.25"]
[White "Clair, Michael"]
[Black "Prieu, Arnaud"]
[Result "1/2-1/2"]
[WhiteElo "1806"]
[BlackElo "1572"]
[PlyCount "70"]
[EventDate "2014.07.19"]
[EventType "swiss"]
[EventRounds "9"]
[EventCountry "FRA"]
[SourceTitle "CBM 161 Extra"]
[Source "ChessBase"]
[SourceDate "2014.08.29"]
[SourceVersion "1"]
[SourceVersionDate "2014.08.29"]
[SourceQuality "1"]

1. e4 e5 2. Nf3 Nc6 3. Be2 Bc5 4. Nxe5 Qh4 5. Nd3 Bb6 6. 0-0 Qxe4 7. Re1 Qh4 8. Bf1+ Nge7 9. g3 Qd4 10. a4 d6 11. c3 Qf6 12. Qe2 g5 13. Bg2 h5 14. Bxc6+ bxc6 15. a5 Bg4 16. Qxe7+ Qxe7 17. Rxe7+ Kxe7 18. axb6 axb6 19. Na3 h4 20. Nc2 Rag8 21. Ne3 Be2 22. Nb4 hxg3 23. Nf5+ Kd7 24. fxg3 Rh5 25. d3 Rgh8 26. h4 gxh4 27. Nxh4 c5 28. Kf2 Re8 29. Be3 cxb4 30. Kxe2 Rhe5 31. Ng2 bxc3 32. bxc3 Rb5 33. Kf3 Rb3 34. Rc1 b5 35. Nf4 Kc6 1/2-1/2